000 00723nam a22001937a 4500
005 20251108172551.0
008 250721s9999 xx 000 0 ara d
082 1 4 _a616.99بلا
100 1 _aبلات، آن.إ
245 1 0 _aالأمراض المعدية و كيف ننقلها لأنفسنا : كيف تساعد الفوضى البيئية و الإجتماعية على إنتشار الأمراض /
264 1 _aالقاهرة :
_bالدار الدولية للنشر و التوزيع،
300 _a126ص
650 1 7 _aالأمراض المعدية
650 1 7 _aنقل المرض
650 1 7 _aعلم الأوبئة
700 1 _aزكي، شويكار
_eمترجم
942 _2ddc
_cBK
999 _c82725
_d82725